000 00383pam a2200157a 44500
008 230515b1985 xxu||||| |||| 00| 0 eng d
020 _aNULL
041 _aENG
082 _a610.3
100 _aJoseph A. bailey
245 _aThe concise dictionary of medical -legal-terms
250 _a0
260 _aNULL
_b"The parthenon , London, "
_c1985
300 _a140
650 _aN.D.
999 _c522594
_d522594